| 000 | 01166nac a22003491u 4500 | ||
|---|---|---|---|
| 999 |
_c232 _d232 |
||
| 003 | EG-ScBUE | ||
| 005 | 20210301104605.0 | ||
| 008 | 100126r19931991enk f b 000 d eng d | ||
| 020 | _a0582077850 | ||
| 020 | _a9780582077850 | ||
| 040 |
_aEG-ScBUE _beng _erda _cEG-ScBUE _dEG-ScBUE |
||
| 082 | 0 | 4 |
_a822.912 _bSHA _222 |
| 100 | 1 |
_aShaw, Bernard, _d1856-1950, _eauthor. _910667 |
|
| 245 | 1 | 0 |
_aArms and the man / _cBernard Shaw ; Editor Ian Wilson. |
| 250 | _aSeventh impression. | ||
| 264 | 1 |
_aEssex, England : _bLongman Group UK Limited, _c1993. |
|
| 300 |
_axiv, 107 pages ; _c20 cm. |
||
| 336 |
_2rdacontent _atext _btxt |
||
| 337 |
_2rdamedia _aunmediated _bn |
||
| 338 |
_2rdacarrier _avolume _bnc |
||
| 490 | 0 | _aLongman literature | |
| 504 | _aIncludes bibliographical references. | ||
| 600 |
_910667 _aShaw, George Bernard, 1856-1950. _t-- Arms and the man |
||
| 650 | 7 |
_aWar _vDrama. _2BUEsh |
|
| 650 | 7 |
_aLove _vDrama. _2BUEsh |
|
| 650 | 7 |
_aMan-woman relationships _vDrama. _2BUEsh |
|
| 651 | _2BUEsh | ||
| 653 |
_bHHUUEENN _cFebruary2021 |
||
| 655 |
_vReading book _934232 |
||
| 700 | 1 |
_aWilson, Ian, _d1941- _eeditor. |
|
| 942 |
_cBB _k822.912 SHA _2ddc |
||